00405 a2200157 4500003000400000005001700004008004100021020001800062040000900080082001700089100001700106245006100123250001200184260003700196300001400233OSt20230902110355.0230902b |||||||| |||| 00| 0 eng d a9789325986701 coclc a338.5bDWI/M aDwivedi, D N aMICROECONOMICS: bTHEORY AND APPLICATIONS /cD N Dwivedi a3rd ed. aNoida:bVikas publishing,c2021. a651 pages